zpět

Detail výsledku týmu

Casa Di Marco, Kosmonosy

Datum a čas kvízu

29 Celkem bodů Celkový počet nahraných bodů na tomto kvízu bez doplňovacích otázek.
5. Pořadí na kvízu Konečné umístění týmu na tomto kvízu.

Zaznamenané odpovědi

# Otázka Odpověď Body Výsledky
1. Minulý týden vykonal Miloš Zem... Štrbské pleso 0
2. Rada kalifornského města South... pávi 0
3. Letošní předávání hudebních ce... Harry Styles, One Direction 1
4. Dva maloobchodní řetězce oznám... Lidl, Kaufland 0.5
5. Ve středu začalo v německém Ob... v biatlonu 1
6. Toto téma vyhrálo minulý týden... Wednesday 1
7. Promlčeno je film Roberta Sedl... Karel Roden 0
8. Které tvrzení o filmu Top Gun:... C 1
9. Příběhem které firmy založené... Spotify 1
10. Jak se jmenuje tato seriálová... Jitřní záře 0